000 00761nam a22002417a 4500
003 UA-OsUOA
001 62496
007 ta
008 20090831b un ||||| |||| 00| 0 ukr d
100 _aКрасніков М.П.
700 _aТрегуба С.Г.
090 _a911.375
_bК78
942 _cBK
040 _aUA-OsUOA
_bukr
_cUA-OsUOA
_dUA-OsUOA
245 _aХарківська область
_bГеографічний нарис
300 _a102 с.
955 _a0
041 _aukr
080 _a911.375
260 _aК.
_bДержавне учбово-педагогічне видавництво "Радянська школа"
_c1962
650 7 _a911 Теоретичнії питання з географії
_2UDC
999 _c348585
_d348585